Reyes de Jerusalén - Estadísticas

Estadísticas generales
  • Esta prueba ha sido intentada 25 veces
  • La puntuación promedio es 12 de 24
Estadísticas de respuestas
Período Nombre del Rey/Reina % Correcto
1100-1118 Balduino I
95%
1118-1131 Balduino II
95%
1143-1162 Balduino III
95%
1174-1185 Balduino IV
95%
1183-1186 Balduino V
95%
1192-1197 Enrique I
50%
1285-1291 Enrique II
50%
1125-1228 Federico
50%
1099-1100 Godofredo
50%
1192-1205 Isabel I
50%
1212-1228 Yolanda/Isabel II
50%
1186-1190 Guido
45%
1192 Conrado I
40%
1228-1254 Conrado II
40%
1254-1268 Conrado III
40%
1268-1284 Hugo
40%
1162-1174 Amalarico I
35%
1131-1143 Fulco
35%
1186-1190 Sibila
35%
1210-1212 Juan I
30%
1284-1285 Juan II
30%
1205-1212 María
25%
1131-1153 Melisenda
10%
1198-1205 Emerico
5%
No se encontraron pruebas coincidentes
Distribución de puntuación
Porcentaje de gente con cada puntuación
Porcentaje por número respondido
Historial de tus puntuaciones
No has intentado esta prueba.